00780nam a2200193Ia 450000500170000000800410001702000220005805000240008010000250010424501700012926000350029930000160033433700100035033800140036050000190037463000670039365000770046070000490053720231102151447.0121028s9999 xx 000 0 und d a978-970-10-6710-9 aHF5415.12 L361 200910aLAMBIN, Jean-Jacques aDirección de marketing : gestión estratégica y operativa del mercado c/ Jean-Jacques Lambin ; [adaptación al español por] Carlo Gallucci, Carlos Sicurello aMéxico b: McGraw-Hillc2009 a596 paginas atexto asin medio aIncluye Indice aMarket-driven management : strategic and operational marketing aMercadotecnia - Europa Mercadotecnia - Europa - Administración  aGallucci, Carlo Sicurello, Carlos Ì